पाखी घोड़ा / (Record no. 117452)

MARC details
000 -LEADER
fixed length control field 01428nam a22003017a 4500
003 - CONTROL NUMBER IDENTIFIER
control field dpl
005 - DATE AND TIME OF LATEST TRANSACTION
control field 20180908131843.0
008 - FIXED-LENGTH DATA ELEMENTS--GENERAL INFORMATION
fixed length control field 180908b xxu||||| |||| 00| 0 eng d
010 ## - LIBRARY OF CONGRESS CONTROL NUMBER
LC control number A-987076
020 ## - INTERNATIONAL STANDARD BOOK NUMBER
Terms of availability 125.00
035 ## - SYSTEM CONTROL NUMBER
System control number A-987076, A-987102
037 ## - SOURCE OF ACQUISITION
Source of stock number/acquisition Cen Lib/Ret
040 ## - CATALOGING SOURCE
Original cataloging agency DPL
Language of cataloging HN
Transcribing agency 0
082 ## - DEWEY DECIMAL CLASSIFICATION NUMBER
Classification number
Item number भट्टाचा
100 ## - MAIN ENTRY--PERSONAL NAME
Personal name भट्टाचार्य, बीरेन्द्र कुमार
9 (RLIN) 74685
245 ## - TITLE STATEMENT
Title पाखी घोड़ा /
Statement of responsibility, etc बीरेन्द्र कुमार भट्टाचार्य ; अनुवादक महेन्द्रनाथ दुबे
246 ## - VARYING FORM OF TITLE
Title proper/short title Pakhi ghoda /
Remainder of title by Birendranath Kumar Bhattacharya ; anuvadak Mahendranath Dubey
250 ## - EDITION STATEMENT
Edition statement दूसरा संस्करण
260 ## - PUBLICATION, DISTRIBUTION, ETC. (IMPRINT)
Place of publication, distribution, etc नयी दिल्ली
Name of publisher, distributor, etc भारतीय ज्ञानपीठ
Date of publication, distribution, etc 1998
270 ## - ADDRESS
Address 18, इंस्टीट्यूशनल एरिया, लोदी रोड
City नयी दिल्ली
Postal code 110003
300 ## - PHYSICAL DESCRIPTION
Extent 427पृ.
Dimensions 20सेमी(सजिल्द)
650 ## - SUBJECT ADDED ENTRY--TOPICAL TERM
Topical term or geographic name as entry element हिन्दी साहित्य
9 (RLIN) 74686
650 ## - SUBJECT ADDED ENTRY--TOPICAL TERM
Topical term or geographic name as entry element हिन्दी -- उपन्यास
9 (RLIN) 74687
650 ## - SUBJECT ADDED ENTRY--TOPICAL TERM
Topical term or geographic name as entry element Hindi literature
9 (RLIN) 74688
650 ## - SUBJECT ADDED ENTRY--TOPICAL TERM
Topical term or geographic name as entry element Hindi -- Fiction
9 (RLIN) 27248
700 ## - ADDED ENTRY--PERSONAL NAME
Personal name दुबे, महेन्द्रनाथ
9 (RLIN) 45637
942 ## - ADDED ENTRY ELEMENTS (KOHA)
Source of classification or shelving scheme Dewey Decimal Classification
Koha item type Hindi Books
Classification part
Call number suffix भट्टाचा
Holdings
Withdrawn status Lost status Damaged status Not for loan Home library Current library Date acquired Source of acquisition Cost, normal purchase price Total Checkouts Full call number Barcode Date last seen Copy number Cost, replacement price Price effective from Koha item type Public note Source of classification or shelving scheme Collection code
Written off       Central Library Central Library 04/09/2015 Cen Lib/Ret 125.00   उ भट्टाचा A-987076 04/09/2015 1 125.00 04/09/2015 Hindi Books Written off on approval by DLB (By Circulation); dtd 15-06-2023    
        Shahdara Branch Shahdara Branch 08/09/2018 BPPD/PUB 125.00   उ भट्टाचा A-987102 08/09/2018   125.00 08/09/2018 Hindi Books   Dewey Decimal Classification Fiction

© Delhi Public Library
Hit Counter
free hit counter